Rekvalifikace a její potřeba v podmínkach trhu práce.

Rekvalifikácia - jeden z rozhodujúcich nástrojov aktívnej politiky zamestnanosti. Pohyb pracovníkov v APK od útlmových výrobných programov k perspektívnym a novo vznikajúcim. Vplyvy nových technológií a techník. Potreba stále rozvíjať svoju kvalifikáciu. Plošné dotazníkové zisťovanie u 1390 poľnohos...

Description complète

Enregistré dans:
Détails bibliographiques
Auteur principal: Nedělová, S.
Format: Chapitre de livre
Langue:tchèque
Sujets:
Tags: Ajouter un tag
Pas de tags, Soyez le premier à ajouter un tag!

MARC

LEADER 00000naa a2200000 4500
001 r011920
005 20220831094623.6
041 0 |a cze 
044 |a SK 
245 1 0 |a Rekvalifikace a její potřeba v podmínkach trhu práce.  |c S. Nedělová 
520 |a Rekvalifikácia - jeden z rozhodujúcich nástrojov aktívnej politiky zamestnanosti. Pohyb pracovníkov v APK od útlmových výrobných programov k perspektívnym a novo vznikajúcim. Vplyvy nových technológií a techník. Potreba stále rozvíjať svoju kvalifikáciu. Plošné dotazníkové zisťovanie u 1390 poľnohospodárskych organizácií za účelom zistenia potreby rekvalifikácie. 
610 2 0 |a poľnohospodárstvo 
610 2 0 |a rekvalifikácia 
610 2 0 |a trh práce 
610 2 0 |a pohyb síl pracovných 
100 1 |a Nedělová, S.